Juventud moderna y castidad

Furkejuvvon:
Bibliográfalaš dieđut
Váldodahkki: Kelly, Gerard (Dahkki)
Materiálatiipa: Girji
Giella:espánnjágiella
Almmustuhtton: Buenos Aires Poblet 1953
Fáttát:
Fáddágilkorat: Lasit fáddágilkoriid
Eai fáddágilkorat, Lasit vuosttaš fáddágilkora!

MARC

LEADER 00000nam a2200000 a 4500
001 UCZ9772
003 CL-VaPUC
008 960311e19530000AG |||||||||||||||||spa|d
082 0 4 |a 176  |b KEL  |2 21 
100 0 |a Kelly, Gerard  |e author  |9 354632 
245 1 0 |a Juventud moderna y castidad 
300 |a 173 p 
942 |c BK 
945 |d 19960311 00:00:00  |a cmena 
260 |a Buenos Aires  |b Poblet  |c 1953 
650 0 |a Ética  |9 255099 
650 0 |a Educación sexual  |9 308005 
650 0 |a Adolescencia  |9 307361 
650 0 |a Teología   |9 258766 
650 7 |a CASTIDAD  |2 CL-VaPUC  |9 330854 
650 0 |a Comportamiento moral  |9 334569 
583 |a last modification  |c 19960311 00:00:00  |k Rodrigo Vera 
999 |c 244840  |d 244838 
952 |0 0  |1 0  |4 0  |6 176_000000000000000_KEL_1953  |7 0  |8 P  |9 259088  |a BIBEDU  |b BIBEDU  |c BIBEDU_PB  |d 2019-11-19  |i 1629573  |o 176 KEL 1953  |p 1629573  |r 2024-01-25  |w 2019-11-19  |y BK  |k EDU